|
|
|
|
| LEADER |
00000cam a2200000 7i4500 |
| 001 |
0000026865 |
| 005 |
20160517.0 |
| 008 |
1605012 my a may |
| 040 |
|
|
|a INS
|
| 090 |
0 |
0 |
|a AV128
|
| 110 |
1 |
|
|a Kursus perisian visio - penyediaan pelan tapak, lokasi, bangunan dan perbandingan bagi tujuan penilaian ,
|d 2014 3 - 6 November
|c INSPEN, Bangi
|
| 245 |
0 |
0 |
|a Kursus perisian visio - penyediaan pelan tapak, lokasi, bangunan dan perbandingan bagi tujuan penilaian :
|b 3 - 6 November 2014
|c Anjuran Pusat Penilaian dan Perkhidmatan Harta, INSPEN
|
| 260 |
|
|
|a Bangi :
|b Institut Penilaian Negara ,
|c 2014
|
| 300 |
|
|
|a 1v. ( Mukasurat pelbagai ) :
|b ill., pic. ;
|c 30 cm.
|
| 650 |
|
0 |
|a Computer graphic
|x Programmed instruction
|
| 710 |
1 |
|
|a INSPEN (Institut Penilaian Negara)
|
| 999 |
|
|
|a AV00000310
|b BOOK
|c Course Notes
|e Default branch
|
| 999 |
|
|
|a AV00000311
|b BOOK
|c Course Notes
|e Default branch
|
| 999 |
|
|
|a AV00000312
|b BOOK
|c Course Notes
|e Default branch
|